MARC details
| 000 -LEADER |
| fixed length control field |
02509nam a22003617a 4500 |
| 001 - CONTROL NUMBER |
| control field |
103172 |
| 003 - CONTROL NUMBER IDENTIFIER |
| control field |
KnowledgeUnlatched |
| 005 - DATE AND TIME OF LATEST TRANSACTION |
| control field |
20210303105020.0 |
| 006 - FIXED-LENGTH DATA ELEMENTS--ADDITIONAL MATERIAL CHARACTERISTICS |
| fixed length control field |
m o d |
| 007 - PHYSICAL DESCRIPTION FIXED FIELD--GENERAL INFORMATION |
| fixed length control field |
cr u|||||||||| |
| 008 - FIXED-LENGTH DATA ELEMENTS--GENERAL INFORMATION |
| fixed length control field |
210129p20172019xx o u00| u fre d |
| 037 ## - SOURCE OF ACQUISITION |
| Institution to which field applies |
BiblioBoard |
| 020 ## - INTERNATIONAL STANDARD BOOK NUMBER |
| International Standard Book Number |
9791036501845 |
| 024 8# - OTHER STANDARD IDENTIFIER |
| Standard number or code |
https://doi.org/10.4000/books.pum.11857 |
| 029 1# - OTHER SYSTEM CONTROL NUMBER (OCLC) |
| OCLC library identifier |
https://library.biblioboard.com/ext/api/media/315d6596-af05-463c-a680-c4293c6cb830/assets/thumbnail.jpg |
| 040 ## - CATALOGING SOURCE |
| Original cataloging agency |
ScCtBLL |
| Transcribing agency |
ScCtBLL |
| 100 1# - MAIN ENTRY--PERSONAL NAME |
| Personal name |
Fauveau, Gabriel |
| Relator term |
author. |
| 245 04 - TITLE STATEMENT |
| Title |
Les villes non occidentales |
| Remainder of title |
Comprendre les enjeux de la diversité urbaine / |
| Statement of responsibility, etc. |
Gabriel Fauveau. |
| 264 #1 - PRODUCTION, PUBLICATION, DISTRIBUTION, MANUFACTURE, AND COPYRIGHT NOTICE |
| Name of producer, publisher, distributor, manufacturer |
Les Presses de l'Université du Montréal (PUM), |
| 300 ## - PHYSICAL DESCRIPTION |
| Extent |
1 online resource (1 p.) |
| 506 0# - RESTRICTIONS ON ACCESS NOTE |
| Terms governing access |
Access copy available to the general public. |
| Standardized terminology for access restriction |
Unrestricted |
| Source of term |
star |
| 520 ## - SUMMARY, ETC. |
| Summary, etc. |
Cet ouvrage souhaite montrer la richesse d'une ouverture géographique et thématique des recherches urbaines actuelles en présentant celles qui prennent en considération les villes situées en dehors de l'aire occidentale. Il donne la voix à de jeunes chercheurs et praticiens originaires de six pays et de trois continents qui, par leurs réflexions engagées, proposent de corriger les perceptions souvent négatives, voire catastrophiques, de l'urbanisation non occidentale. En partant du principe que tout espace urbain est aussi banal que singulier, ils aident à décentrer le regard et à envisager sérieusement l'importance de l'altérité dans la construction des représentations collectives. Ouvert sur le monde, donc, cet ouvrage montre tout l'intérêt de diversifier les approches théoriques et empiriques en urbanisme, dont le fort ancrage nord-américain ou européen empêche souvent de rendre compte des multiples réalités des villes de la planète. |
| 588 0# - SOURCE OF DESCRIPTION NOTE |
| Source of description note |
Description based on print version record. |
| 590 ## - LOCAL NOTE (RLIN) |
| Local note |
OpenEdition Books Select 2018: HSS Backlist Books |
| 650 #7 - SUBJECT ADDED ENTRY--TOPICAL TERM |
| Topical term or geographic name entry element |
Architecture / Urban & Land Use Planning |
| Source of heading or term |
bisacsh |
| 650 #0 - SUBJECT ADDED ENTRY--TOPICAL TERM |
| Topical term or geographic name entry element |
Architecture |
| 655 #0 - INDEX TERM--GENRE/FORM |
| Genre/form data or focus term |
Electronic books. |
| 758 ## - |
| -- |
Is found in: |
| -- |
Knowledge Unlatched |
| -- |
https://openresearchlibrary.org/module/2774bc74-146a-484f-a7ba-ab1d6a09bbfb |
| 856 40 - ELECTRONIC LOCATION AND ACCESS |
| Uniform Resource Identifier |
<a href="https://openresearchlibrary.org/content/315d6596-af05-463c-a680-c4293c6cb830">https://openresearchlibrary.org/content/315d6596-af05-463c-a680-c4293c6cb830</a> |
| Public note |
View this content on Open Research Library. |
| -- |
0 |